000 00477nam a2200205Ia 4500
005 20240823033639.0
008 240823s9999||||xx |||||||||||||| ||und||
020 _a978-81-203-2441-1
041 _aENGLISH
082 _A547 P9
100 _aBhupinder Metha
245 0 _aOrganic Chemistry
250 _a1st
260 _c2009
_b#VALUE!
500 _aTRANSFERED
650 _aorganic chemistry
_bChemistry
700 _a Manju Metha
942 _cBK
999 _c196324
_d196324